Stati per minor età media al momento del Parto - Statistics

Statistiche generali
  • Questo quiz è stato fatto 7 volte
  • Il punteggio medio è 6 su 10
Statistiche sulle risposte
Età media al parto Continente Nazione % Corretto
26,9 America del Sud Colombia
71%
26,9 Asia Laos
71%
26,8 America del Nord Repubblica Dominicana
71%
25,7 Asia Bangladesh
57%
26,1 America del Nord Cuba
57%
25,8 Asia Nepal
57%
26,6 America del Nord Nicaragua
57%
26,3 America del Sud Venezuela
57%
25,7 Asia / Europa Azerbaigian
43%
26,5 Asia Tagikistan
29%
Nessun quiz corrispondente trovato
Distribuzione punteggi
Percentuale di utenti per punteggio
Percentile per numero di risposta
I tuoi punteggi nel tempo
Non hai fatto questo quiz